| 000 | 00884nam a2200241 i 4500 | ||
|---|---|---|---|
| 001 | 115242 | ||
| 003 | ES-MaACL | ||
| 005 | 20250707062622.0 | ||
| 007 | t| | ||
| 008 | 070227s1909 sp |||| | spa d | ||
| 080 | _a821.134.2-32"19" | ||
| 100 | 1 |
_aMartínez Sierra, Gregorio, _d1881-1947 _978429 |
|
| 245 | 1 | 0 |
_aÉgloga : _bnovela / _cpor G. Martínez Sierra ; ilustraciones de Escobar. |
| 260 |
_aMadrid : _bEl Cuento Semanal, _c1909. |
||
| 300 |
_a[20] p. : _bil. ; _c26 cm. |
||
| 490 | 1 |
_aEl cuento semanal ; _v110 |
|
| 594 | _aObra en colaboración entre Gregorio Martínez Sierra y María Lejárraga (María Martínez Sierra) | ||
| 700 | 1 |
_aMartínez Sierra, María, _d1874-1974 _978430 |
|
| 700 | 1 |
_aEscobar, Carlos _c, ilustrador. _947564 |
|
| 830 | 1 | 3 |
_aEl cuento semanal _v110 _9185957 |
| 852 | 4 |
_aES-MaACL _jG-4443(6) _zEjemp. falto de cub. |
|
| 999 |
_c115242 _d115242 |
||